| 000 | 02505cam a2200577 i 4500 | ||
|---|---|---|---|
| 001 | 22082648 | ||
| 005 | 20250512094253.0 | ||
| 008 | 210616t20222022mauabc b 001 0 eng d | ||
| 010 | _a 2021941299 | ||
| 020 | _a1319244939 | ||
| 020 | _a9781319244934 (paperback) | ||
| 020 | _a1319244939 | ||
| 020 | _a131936571X | ||
| 020 | _a9781319365714 | ||
| 035 | _a(OCoLC)on1244535715 | ||
| 040 |
_aYDX _beng _cYDX _dBDX _dWSL _dOCLCF _dOCLCO _dZLM _dOCLCQ _dOCLCO _dNJR _dKSU _dJYJ _dOCL _dDLC _erda |
||
| 042 | _alccopycat | ||
| 043 | _an-us--- | ||
| 050 | 0 | 0 | _aP 94.65.U6C36 2022 |
| 100 | 1 |
_aCampbell, Richard, _d1949- _eauthor. |
|
| 245 | 1 | 0 |
_aMedia & culture : _bmass communication in a digital age / _cRichard Campbell, Miami University, Christopher R. Martin, University of Northern Iowa, Bettina Fabos, University of Northern Iowa, Ron Becker, Miami University. |
| 246 | 3 |
_aMedia and culture : _bmass communication in a digital age |
|
| 250 | _aThirteenth edition. | ||
| 260 |
_aBoston: _bBedford/St. Martin's, _c2022 |
||
| 300 |
_axxxvii, 494 pages: 1 volume (many pagings) : _billustrations (chiefly color), color maps, portraits (some color) ; _c28 cm |
||
| 504 | _aIncludes bibliographical references and index. | ||
| 648 | 7 |
_a1900-2099 _2fast |
|
| 650 | 0 |
_aMass media and culture _zUnited States _y20th century. |
|
| 650 | 0 |
_aPopular culture _zUnited States _y20th century. |
|
| 650 | 0 |
_aReporters and reporting _zUnited States _y20th century. |
|
| 650 | 0 |
_aMass media and culture _zUnited States _y21st century. |
|
| 650 | 0 |
_aPopular culture _zUnited States _y21st century. |
|
| 650 | 0 |
_aDigital media _zUnited States _y21st century. |
|
| 650 | 0 |
_aReporters and reporting _zUnited States _y21st century. |
|
| 650 | 0 |
_aFake news _zUnited States _y21st century. |
|
| 650 | 0 |
_aMass media and culture _zUnited States _vProblems, exercises, etc. |
|
| 650 | 6 |
_aMédias et culture _zÉtats-Unis. |
|
| 650 | 6 |
_aCulture populaire _zÉtats-Unis. |
|
| 650 | 7 |
_aReporters and reporting. _2fast |
|
| 650 | 7 |
_aFake news. _2fast |
|
| 650 | 7 |
_aDigital media. _2fast |
|
| 650 | 7 |
_aMass media and culture. _2fast |
|
| 650 | 7 |
_aPopular culture. _2fast |
|
| 651 | 7 |
_aUnited States. _2fast |
|
| 655 | 7 |
_aProblems and exercises. _2fast |
|
| 700 | 1 |
_aMartin, Christopher R., _eauthor. |
|
| 700 | 1 |
_aFabos, Bettina, _eauthor. |
|
| 700 | 1 |
_aBecker, Ron, _d1969- _eauthor. |
|
| 942 |
_2lcc _cBOOKS _hP 94.65.U6C36 2022 |
||
| 999 |
_c32232 _d32232 |
||